[Event "X JUBILEUSZOWY MIEDZYNARODOWY TURNIEJ SZACHOWY - GORA SW. ANNY - OPEN A"]
[Site "Gora Sw. Anny"]
[Date "1899-12-30"]
[Round "4.11"]
[White "Michalski, Filip"]
[Black "Fukowski, Pawel"]
[Result "0-1"]
[WhiteTitle "k"]
[BlackTitle "k"]
[WhiteElo "2045"]
[BlackElo "2158"]

1. d4 Nf6 2. c4 e6 3. Nc3 Bb4 4. e3 d5 5. cxd5 exd5 6. Nge2 O-O 7. a3 Bd6 8. g3
c6 9. Bg2 Bf5 10. O-O Re8 11. Nf4 Nbd7 12. Qe2 a5 13. b3 Qb6 14. Qb2 h5 15. Bd2
h4 16. Rad1 g5 17. Nfe2 h3 18. Bh1 g4 19. f3 Bd3 20. Rf2 Bc4 21. Rb1 Bd3 22. Re1
Re7 23. Nc1 Bg6 24. e4 Rae8 25. Na4 Qa7 26. e5 Nxe5 27. dxe5 Bxe5 28. Rxe5 Rxe5
29. Qc3 d4 30. Qc4 Re1+ 31. Bxe1 Rxe1+ 32. Rf1 d3+ 33. Nc5 d2 0-1

[Event "X JUBILEUSZOWY MIEDZYNARODOWY TURNIEJ SZACHOWY - GORA SW. ANNY - OPEN A"]
[Site "Gora Sw. Anny"]
[Date "1899-12-30"]
[Round "4.12"]
[White "Godzwon, Iwo"]
[Black "Pniaczek, Marek"]
[Result "1-0"]
[WhiteTitle "k"]
[BlackTitle "CM"]
[WhiteElo "2039"]
[BlackElo "2143"]

1. e4 c5 2. Nf3 d6 3. d4 cxd4 4. Nxd4 Nf6 5. Nc3 a6 6. Bg5 e6 7. f4 h6 8. Bh4 Qb6
9. a3 Nbd7 10. Bf2 Qc7 11. Qf3 b5 12. Bd3 Bb7 13. g4 Be7 14. O-O-O g5 15. f5 Ne5
16. Qe2 Nfxg4 17. fxe6 Rf8 18. Bg3 Qb6 19. Nd5 Bxd5 20. exd5 O-O-O 21. Bf5 Nf6
22. exf7+ Kb7 23. Nc6 Rxf7 24. Nxd8+ Bxd8 25. Bxe5 Re7 26. Be6 1-0

[Event "X JUBILEUSZOWY MIEDZYNARODOWY TURNIEJ SZACHOWY - GORA SW. ANNY - OPEN A"]
[Site "Gora Sw. Anny"]
[Date "1899-12-30"]
[Round "4.13"]
[White "Fiedorek, Michal"]
[Black "Wisniewski, Michal"]
[Result "0-1"]
[WhiteTitle "I"]
[BlackTitle "k+"]
[WhiteElo "1872"]
[BlackElo "2132"]

1. e4 c5 2. Nf3 Nc6 3. d4 cxd4 4. Nxd4 g6 5. c4 Bg7 6. Be3 Nf6 7. Nc3 O-O 8. Be2
d6 9. O-O Bd7 10. Nc2 a5 11. f3 a4 12. Qd2 Be6 13. Rac1 Nd7 14. Na3 Qa5 15. Rfd1
Rfc8 16. Nd5 Qxd2 17. Rxd2 Bxd5 18. exd5 Nb4 19. Rb1 Nxa2 20. Nc2 Nc5 21. Ra1
a3 22. Nxa3 Nb4 23. Bxc5 dxc5 24. g3 Bd4+ 25. Kg2 Ra6 26. Rxd4 cxd4 27. Rd1 e5
28. Bd3 Nxd3 29. Rxd3 Rb6 30. b3 Ra8 31. Nb5 Rxb5 32. cxb5 Rd8 33. f4 f6 34. fxe5
fxe5 35. Kf3 Rxd5 36. b6 Kf7 37. Ke4 Ke6 38. Rd1 Rc5 39. Rd3 Rc1 40. Rf3 Re1+
41. Kd3 e4+ 0-1

[Event "X JUBILEUSZOWY MIEDZYNARODOWY TURNIEJ SZACHOWY - GORA SW. ANNY - OPEN A"]
[Site "Gora Sw. Anny"]
[Date "1899-12-30"]
[Round "5.1"]
[White "Kosakowski, Jakub"]
[Black "Kaczmarek, Aleksander"]
[Result "1/2-1/2"]
[WhiteTitle "k"]
[BlackTitle "FM"]
[WhiteElo "2277"]
[BlackElo "2321"]

1. e4 c6 2. d4 d5 3. Nc3 g6 4. h3 Bg7 5. Nf3 dxe4 6. Nxe4 Nd7 7. Bd3 Ngf6 8. Nxf6+
Nxf6 9. O-O O-O 10. Re1 a5 11. Bg5 a4 12. Qe2 Re8 13. c4 a3 14. b3 h6 15. Bf4
c5 16. Be5 cxd4 17. Nxd4 Bd7 18. Rad1 Qb6 19. Nb5 Bxb5 20. cxb5 Rad8 21. Bc4 Rxd1
22. Rxd1 Rd8 23. Rxd8+ Qxd8 24. Bc3 e6 25. Qf3 b6 26. Bb4 Bf8 27. Bc3 Bg7 28.
Bb4 Qd4 29. Bxa3 Qa1+ 30. Kh2 Qxa2 31. Bd6 Nd5 32. Bxd5 exd5 33. Qe3 Kh7 34. Qxb6
d4 35. Qa6 Qe2 36. Qa7 d3 37. b6 d2 38. b7 Be5+ 39. Bxe5 Qxe5+ 40. f4 Qxf4+ 41.
g3 Qf3 42. Qg1 Qxb7 43. Qd4 Qxb3 44. Qxd2 Qf3 45. Qc2 h5 46. Qd2 Qe4 47. h4 Qe5
48. Qc2 f6 49. Qd2 g5 50. hxg5 Qxg5 51. Qd3+ Kh6 52. Qd8 Qf5 53. Qh8+ Kg5 54.
Qg8+ Qg6 55. Qd5+ 1/2-1/2

[Event "X JUBILEUSZOWY MIEDZYNARODOWY TURNIEJ SZACHOWY - GORA SW. ANNY - OPEN A"]
[Site "Gora Sw. Anny"]
[Date "1899-12-30"]
[Round "5.2"]
[White "Lewicki, Miroslaw"]
[Black "Gumularz, Szymon"]
[Result "1/2-1/2"]
[WhiteTitle "CM"]
[BlackTitle "I++"]
[WhiteElo "2318"]
[BlackElo "2359"]

1. e4 d6 2. d4 Nf6 3. Nc3 e5 4. Nf3 Nbd7 5. Bc4 Be7 6. h3 c6 7. Bb3 O-O 8. Be3
exd4 9. Qxd4 Nc5 10. O-O Nxb3 11. axb3 b6 12. Rfd1 Qc7 13. Bf4 Rd8 14. Qc4 Qb7
15. e5 d5 16. Qe2 Ne8 17. Bg5 Bxg5 18. Nxg5 Qe7 19. f4 Bb7 20. Qh5 h6 21. Nf3
c5 22. Re1 d4 23. Ne4 Bxe4 24. Rxe4 Nf6 25. exf6 Qxe4 26. Ne5 Rf8 27. Rf1 gxf6
28. Nd7 Qg6 29. Qh4 Kh8 30. Nxf6 Rad8 31. Rf3 Rd6 32. Ng4 Rg8 33. f5 Qg5 34. Qf2
f6 35. Rf4 h5 36. Nh2 d3 37. cxd3 Rxd3 38. Nf1 Rxh3 39. b4 cxb4 40. Rxb4 Rd3 41.
Rh4 Rd1 42. Rh3 Qg4 43. Kh2 Rd7 44. Ne3 Qg5 45. Qf3 Rh7 46. Nd5 h4 47. Qe4 Rh5
48. Qf3 Qxf5 49. Qxf5 Rxf5 50. Rxh4+ Kg7 51. Ne7 Rb5 52. Nxg8 Kxg8 53. b4 Kg7
54. Kg3 Rg5+ 55. Kf3 Kf7 56. Rh7+ Rg7 57. Rh6 Ke6 58. g4 a5 59. bxa5 bxa5 60.
Rh5 Rg5 61. Rh8 Rb5 62. Ra8 Ke5 63. Ra6 Rb3+ 64. Ke2 Ra3 65. Kd2 Ra4 66. Ke3 Ra1
67. Kd3 Ra3+ 68. Ke2 Ra2+ 69. Ke3 Ra1 70. Kd3 a4 71. Ra5+ Ke6 72. g5 f5 73. g6
Kf6 74. g7 Rg1 75. Rxa4 Rxg7 76. Ke3 Rb7 77. Kf4 Rb6 78. Rc4 Rd6 79. Ke4 Ke5+
1/2-1/2

[Event "X JUBILEUSZOWY MIEDZYNARODOWY TURNIEJ SZACHOWY - GORA SW. ANNY - OPEN A"]
[Site "Gora Sw. Anny"]
[Date "1899-12-30"]
[Round "5.3"]
[White "Piotrowski, Przemyslaw"]
[Black "Sliwicka, Alicja"]
[Result "1-0"]
[WhiteTitle "k+"]
[BlackTitle "WFM"]
[WhiteElo "2324"]
[BlackElo "2171"]

1. Nf3 Nf6 2. g3 g6 3. b3 Bg7 4. Bb2 O-O 5. Bg2 d5 6. d4 c5 7. O-O Ne4 8. e3 Nc6
9. Nbd2 Bf5 10. Nh4 cxd4 11. Nxe4 dxe4 12. Nxf5 gxf5 13. Qh5 e6 14. Rad1 Qb6 15.
exd4 Nxd4 16. Bxd4 Bxd4 17. g4 e5 18. gxf5 e3 19. fxe3 Bxe3+ 20. Kh1 Bf4 21. Be4
Qh6 22. Qxh6 Bxh6 23. Rd7 Rad8 24. Rfd1 Bg5 25. Rxd8 Bxd8 26. Bxb7 Bb6 27. Kg2
Kg7 28. Kf3 Kf6 29. Rd6+ Kxf5 30. h4 e4+ 31. Bxe4+ Ke5 32. Rd5+ Ke6 33. Rh5 f5
34. Bd3 Bd4 35. Rxh7 Rh8 36. Bc4+ Kd6 37. Rxh8 Bxh8 38. Kf4 a5 39. Kxf5 Ke7 40.
h5 Bg7 41. Kg6 Kf8 42. h6 Bc3 43. a3 Bb2 44. b4 axb4 45. axb4 Ke7 46. h7 1-0

[Event "X JUBILEUSZOWY MIEDZYNARODOWY TURNIEJ SZACHOWY - GORA SW. ANNY - OPEN A"]
[Site "Gora Sw. Anny"]
[Date "1899-12-30"]
[Round "5.4"]
[White "Samborski, Henryk"]
[Black "Czopor, Maciej"]
[Result "0-1"]
[WhiteTitle "k"]
[BlackTitle "I++"]
[WhiteElo "2097"]
[BlackElo "2134"]

1. Nf3 Nf6 2. g3 g6 3. Bg2 Bg7 4. O-O d5 5. c4 d4 6. e3 c5 7. exd4 cxd4 8. d3 O-O
9. Re1 Nc6 10. Qb3 h6 11. Na3 Re8 12. Ne5 Nxe5 13. Rxe5 Nd7 14. Re1 Nc5 15. Qc2
Bf5 16. Bf1 e5 17. b4 Nxd3 18. Bxd3 e4 19. Nb5 exd3 20. Rxe8+ Qxe8 21. Qd2 Qc6
22. Bb2 Bh3 23. f3 Re8 24. Qxd3 Re3 25. Qd2 Qxf3 26. Qf2 Qe4 27. Rd1 Re2 0-1

[Event "X JUBILEUSZOWY MIEDZYNARODOWY TURNIEJ SZACHOWY - GORA SW. ANNY - OPEN A"]
[Site "Gora Sw. Anny"]
[Date "1899-12-30"]
[Round "5.5"]
[White "Kiolbasa, Oliwia"]
[Black "Hnydiuk, Aleksander"]
[Result "0-1"]
[WhiteTitle "WIM"]
[BlackTitle "IM"]
[WhiteElo "2208"]
[BlackElo "2403"]

1. e4 Nf6 2. e5 Nd5 3. d4 d6 4. Nf3 dxe5 5. dxe5 Bg4 6. Be2 e6 7. O-O Nc6 8. c3
Nb6 9. Bf4 Be7 10. Nbd2 O-O 11. h3 Bf5 12. Nc4 Qxd1 13. Raxd1 Rfd8 14. Rxd8+ Rxd8
15. Nxb6 axb6 16. Rd1 Rxd1+ 17. Bxd1 Bb1 18. a4 Na5 19. Nd2 Bd3 20. b4 Nc6 21.
Nb3 Kf8 22. Nc1 Bc4 23. Bb3 Bxb3 24. Nxb3 Ke8 25. Kf1 Kd7 26. Ke2 g5 27. Bg3 Bf8
28. Nd2 Bg7 29. Nf3 h6 30. Kd3 Ne7 31. Nd4 Nf5 32. Bh2 Nh4 33. g3 Bxe5 34. f4
Bxd4 35. gxh4 Bf6 36. fxg5 hxg5 37. hxg5 Bxg5 38. Bg3 f5 39. Be5 Bh4 40. Ke3 c6
41. c4 b5 42. axb5 cxb5 43. cxb5 Be1 44. Kd4 Bxb4 45. h4 Bd6 46. Bg7 Ke7 47. h5
Bf4 48. Kc4 Kf7 49. Bc3 e5 50. Kc5 e4 51. Be1 Bc1 52. Kb6 e3 53. Kxb7 Bd2 54.
Bg3 e2 55. Kc6 f4 0-1

[Event "X JUBILEUSZOWY MIEDZYNARODOWY TURNIEJ SZACHOWY - GORA SW. ANNY - OPEN A"]
[Site "Gora Sw. Anny"]
[Date "1899-12-30"]
[Round "5.6"]
[White "Kowalczyk, Pawel"]
[Black "Antolak, Julia"]
[Result "1/2-1/2"]
[WhiteTitle "k+"]
[BlackTitle "WFM"]
[WhiteElo "2372"]
[BlackElo "2074"]

1. e4 c5 2. Nc3 e6 3. Nge2 d6 4. g3 Nf6 5. Bg2 Nc6 6. O-O Be7 7. h3 a6 8. f4 Qc7
9. a4 Rb8 10. g4 b5 11. axb5 axb5 12. Ng3 b4 13. Nce2 Bb7 14. g5 Nd7 15. d3 O-O
16. f5 exf5 17. Nxf5 Nde5 18. c3 bxc3 19. bxc3 f6 20. Nf4 Qd7 21. d4 cxd4 22.
cxd4 fxg5 23. dxe5 gxf4 24. Bxf4 Rbd8 25. exd6 Bf6 26. Rb1 Ba6 27. Re1 Rfe8 28.
Kh1 Ne5 29. Bxe5 Rxe5 30. Qc2 Rc8 31. Qf2 Rec5 32. e5 Rc2 33. Bd5+ Kh8 34. exf6
Rxf2 35. Re7 gxf6 36. Rxd7 Rxf5 37. Rxh7+ Kxh7 38. Be4 Kg6 39. Rg1+ Kf7 40. Bxf5
Rc5 41. d7 Bb7+ 42. Kh2 Rd5 43. Rc1 Ke7 44. Re1+ Re5 45. Rd1 Rd5 46. Rf1 Bc6 47.
Kg3 Bxd7 1/2-1/2

[Event "X JUBILEUSZOWY MIEDZYNARODOWY TURNIEJ SZACHOWY - GORA SW. ANNY - OPEN A"]
[Site "Gora Sw. Anny"]
[Date "1899-12-30"]
[Round "5.7"]
[White "Grela, Kacper"]
[Black "Lukasiewicz, Krzysztof"]
[Result "1/2-1/2"]
[WhiteTitle "FM"]
[BlackTitle "k"]
[WhiteElo "2320"]
[BlackElo "2152"]

1. d4 d5 2. c4 e6 3. Nc3 Nf6 4. Nf3 Be7 5. Bf4 O-O 6. e3 Nbd7 7. Qc2 c5 8. dxc5
Nxc5 9. Be2 a6 10. Ne5 Nfe4 11. Nxe4 dxe4 12. b4 Nd3+ 13. Nxd3 exd3 14. Bxd3 Bxb4+
15. Ke2 Qh4 16. Rhd1 a5 17. c5 Qh5+ 18. f3 Qxc5 19. Bxh7+ Kh8 20. Qxc5 Bxc5 21.
Be4 f5 22. Bd3 Kg8 23. h4 b6 24. h5 Kf7 25. Bc4 Kf6 26. Rh1 e5 27. Bg3 Be6 28.
Rac1 Bxc4+ 29. Rxc4 Ke6 30. Bf2 Rad8 31. g4 Rd7 32. gxf5+ Rxf5 33. h6 gxh6 34.
Rxh6+ Rf6 35. Rxf6+ Kxf6 36. Re4 Bb4 37. Be1 Bxe1 38. Kxe1 Rd3 39. a4 Kf5 40.
Ke2 Rb3 41. Rc4 b5 42. axb5 Rxb5 1/2-1/2

[Event "X JUBILEUSZOWY MIEDZYNARODOWY TURNIEJ SZACHOWY - GORA SW. ANNY - OPEN A"]
[Site "Gora Sw. Anny"]
[Date "1899-12-30"]
[Round "5.8"]
[White "Kocwin, Bartosz"]
[Black "Garbowski, Jakub"]
[Result "1-0"]
[WhiteTitle "FM"]
[BlackTitle "k"]
[WhiteElo "2217"]
[BlackElo "2059"]

1. Nf3 Nf6 2. d4 g6 3. c4 Bg7 4. Nc3 d5 5. cxd5 Nxd5 6. e4 Nxc3 7. bxc3 c5 8. Bb5+
Bd7 9. Bxd7+ Qxd7 10. O-O Nc6 11. dxc5 Bxc3 12. Qxd7+ Kxd7 13. Rb1 Kc7 14. Bf4+
e5 15. Rfc1 exf4 16. Rxc3 Rhe8 17. Rcb3 Rab8 18. Ng5 Re5 19. Nxf7 Rxc5 20. h4
Nd4 21. Rd3 Ne6 22. Rbd1 Kb6 23. Rd6+ Rc6 24. Ne5 Rbc8 25. Nxc6 Rxc6 26. e5 Nc5
27. Rxc6+ Kxc6 28. Rd6+ Kc7 29. Rf6 Nd3 30. Rf7+ Kc6 31. e6 Nc5 32. e7 Kd7 33.
Rxh7 a5 34. Rg7 b5 35. Rxg6 Kxe7 36. Rb6 b4 37. Rb5 1-0

[Event "X JUBILEUSZOWY MIEDZYNARODOWY TURNIEJ SZACHOWY - GORA SW. ANNY - OPEN A"]
[Site "Gora Sw. Anny"]
[Date "1899-12-30"]
[Round "5.9"]
[White "Nowak, Kamil"]
[Black "Fukowski, Pawel"]
[Result "1-0"]
[WhiteTitle "m"]
[BlackTitle "k"]
[WhiteElo "2306"]
[BlackElo "2158"]

1. e4 e6 2. d4 d5 3. Nd2 Nf6 4. e5 Nfd7 5. Bd3 c5 6. c3 Nc6 7. Ne2 cxd4 8. cxd4
f6 9. exf6 Nxf6 10. O-O Bd6 11. Nf3 Qc7 12. g3 O-O 13. Bf4 Nh5 14. Bxd6 Qxd6 15.
Nc3 g6 16. Re1 a6 17. a3 Bd7 18. Rc1 b5 19. b4 Ng7 20. Bf1 Rac8 21. Qd3 Nf5 22.
Bg2 Rfe8 23. h4 h5 24. Bh3 Kg7 25. Qd2 Qf8 26. Kg2 Qf6 27. Bxf5 Qxf5 28. Ne5 Nxe5
29. Rxe5 Qf6 30. Ne2 Rxc1 31. Qxc1 Rc8 32. Qe3 Rc6 33. Nf4 Kf8 34. Rg5 Be8 35.
Qd3 Rc4 36. Nxg6+ Bxg6 37. Rxg6 Qxd4 38. Qxd4 Rxd4 39. Rxe6 a5 40. bxa5 Ra4 41.
Re5 Rxa3 42. Rxh5 Rxa5 43. Rxd5 Ke7 44. h5 1-0

[Event "X JUBILEUSZOWY MIEDZYNARODOWY TURNIEJ SZACHOWY - GORA SW. ANNY - OPEN A"]
[Site "Gora Sw. Anny"]
[Date "1899-12-30"]
[Round "5.10"]
[White "Dmochowska, Agnieszka"]
[Black "Godzwon, Iwo"]
[Result "1/2-1/2"]
[WhiteTitle "WCM"]
[BlackTitle "k"]
[WhiteElo "2184"]
[BlackElo "2039"]

1. e4 c5 2. Nf3 Nc6 3. d4 cxd4 4. Nxd4 g6 5. Nc3 Bg7 6. Be3 Nf6 7. Bc4 O-O 8. Bb3
d6 9. h3 Na5 10. O-O b6 11. Qd3 Nxb3 12. axb3 Bb7 13. b4 a6 14. f4 Qc7 15. b5
a5 16. Nf3 Nd7 17. Na4 Nc5 18. Nxc5 dxc5 19. c3 Rad8 20. Qc4 Bc8 21. Rad1 Be6
22. Qe2 Bb3 23. Rd2 Qb7 24. Bf2 Rd7 25. Bh4 Rfd8 26. Bxe7 Rxd2 27. Nxd2 Rxd2 28.
Qxd2 Qxe7 29. Qd3 a4 30. Rf2 Bf8 31. e5 Be6 32. Rd2 c4 33. Qd4 Qc5 34. Qxc5 Bxc5+
35. Kf1 Be7 36. Ke2 Kf8 37. Rd1 a3 38. bxa3 Bxa3 39. Rd8+ Ke7 40. Rb8 Bc5 41.
Rb7+ Kd8 42. Ra7 Kc8 43. Ra8+ Kd7 44. Ra7+ Ke8 45. Ra8+ Ke7 46. Ra7+ Bd7 47. g4
Ke8 48. Ra8+ Ke7 49. Ra7 Ke8 1/2-1/2

[Event "X JUBILEUSZOWY MIEDZYNARODOWY TURNIEJ SZACHOWY - GORA SW. ANNY - OPEN A"]
[Site "Gora Sw. Anny"]
[Date "1899-12-30"]
[Round "5.11"]
[White "Wisniewski, Michal"]
[Black "Kucharska, Honorata"]
[Result "1-0"]
[WhiteTitle "k+"]
[BlackTitle "k+"]
[WhiteElo "2132"]
[BlackElo "2098"]

1. e4 e6 2. d4 d5 3. Nd2 c5 4. exd5 exd5 5. Ngf3 Bd6 6. dxc5 Bxc5 7. Bd3 Nc6 8.
O-O Bg4 9. Re1+ Nge7 10. c3 h6 11. b4 Bd6 12. Bb2 O-O 13. h3 Bh5 14. Qb3 Rc8 15.
a3 Bf4 16. g3 Bxd2 17. Nxd2 Qd7 18. Bf1 Nd8 19. Bg2 Ne6 20. c4 dxc4 21. Nxc4 Nc6
22. g4 Bg6 23. Rad1 Ncd4 24. Ne5 Nxb3 25. Rxd7 Rc2 26. Nxg6 fxg6 27. Rxe6 Rxb2
28. Bd5 Kh8 29. Rxg6 Nd4 30. Rgxg7 Nf3+ 31. Kg2 Ng5 32. h4 Rfxf2+ 33. Kg3 1-0

[Event "X JUBILEUSZOWY MIEDZYNARODOWY TURNIEJ SZACHOWY - GORA SW. ANNY - OPEN A"]
[Site "Gora Sw. Anny"]
[Date "1899-12-30"]
[Round "5.12"]
[White "Domanski, Lukasz"]
[Black "Michalski, Filip"]
[Result "1-0"]
[WhiteTitle "I++"]
[BlackTitle "k"]
[WhiteElo "2026"]
[BlackElo "2045"]

1. e4 e6 2. d4 d5 3. exd5 exd5 4. Nf3 Bd6 5. c4 Nf6 6. c5 Be7 7. Nc3 O-O 8. Bd3
b6 9. cxb6 axb6 10. Ne5 c5 11. O-O Bb7 12. Qf3 Nc6 13. Nxc6 Bxc6 14. Bg5 Ne4 15.
Bxe7 Qxe7 16. Qf5 Nf6 17. Rfe1 Qd6 18. a3 Rfe8 19. Rad1 Bd7 20. Qg5 h6 21. Qh4
Rad8 22. Ne2 Ba4 23. dxc5 Qc6 24. Nd4 Qxc5 25. Rc1 Rxe1+ 26. Rxe1 Re8 27. Rxe8+
Bxe8 28. Qf4 Qe7 29. g3 Nd7 30. Nf5 Qe1+ 31. Kg2 Nc5 32. Qd4 Ne6 33. Qxd5 Qc1
34. Ne7+ Kh8 35. Qe4 g6 36. Qe5+ Kh7 37. Bxg6+ fxg6 38. Qxe6 Kg7 39. Qg8+ Kf6
40. Qxe8 Qb1 41. Qxg6+ Qxg6 42. Nxg6 1-0

[Event "X JUBILEUSZOWY MIEDZYNARODOWY TURNIEJ SZACHOWY - GORA SW. ANNY - OPEN A"]
[Site "Gora Sw. Anny"]
[Date "1899-12-30"]
[Round "5.13"]
[White "Pniaczek, Marek"]
[Black "Fiedorek, Michal"]
[Result "1-0"]
[WhiteTitle "CM"]
[BlackTitle "I"]
[WhiteElo "2143"]
[BlackElo "1872"]

1. e4 c5 2. Nf3 d6 3. d4 cxd4 4. Qxd4 Nf6 5. c4 Nc6 6. Qe3 g6 7. h3 Bg7 8. Nc3
O-O 9. Be2 Nb4 10. Qd2 a5 11. O-O Bd7 12. Rd1 Bc6 13. a3 Na6 14. Qe3 Nd7 15. Rb1
a4 16. Nd4 Nac5 17. f4 Qb6 18. Bf3 Rfc8 19. Qf2 Bxd4 20. Qxd4 Nb3 21. Qf2 Qxf2+
22. Kxf2 Nb6 23. Be2 Na5 24. Nd5 1-0

[Event "X JUBILEUSZOWY MIEDZYNARODOWY TURNIEJ SZACHOWY - GORA SW. ANNY - OPEN A"]
[Site "Gora Sw. Anny"]
[Date "1899-12-30"]
[Round "6.1"]
[White "Gumularz, Szymon"]
[Black "Kaczmarek, Aleksander"]
[Result "1-0"]
[WhiteTitle "I++"]
[BlackTitle "FM"]
[WhiteElo "2359"]
[BlackElo "2321"]

1. Nf3 g6 2. d4 Bg7 3. c4 c5 4. e4 cxd4 5. Nxd4 Nc6 6. Be3 Nf6 7. Nc3 Ng4 8. Qxg4
Nxd4 9. Qd1 Nc6 10. Qd2 d6 11. Be2 Bd7 12. Rc1 Rc8 13. O-O h5 14. f4 f5 15. Rfd1
Be6 16. exf5 Bxf5 17. Bf3 O-O 18. Ne4 Qe8 19. b4 b6 20. a3 Kh8 21. h3 Bxe4 22.
Bxe4 e5 23. fxe5 dxe5 24. Bxc6 Rxc6 25. Qd7 e4 26. Qxa7 Rf7 27. Qa4 Qe6 28. c5
bxc5 29. b5 Rd6 30. Rxd6 Qxd6 31. Bxc5 Qg3 32. Qc4 Rd7 33. Bf2 Qg5 34. Re1 Kh7
35. b6 Rd2 36. Qxe4 Qf6 37. Be3 Rb2 38. Rf1 Qd6 39. Bf2 Qxa3 40. Rb1 Qa2 41. Rxb2
Qxb2 42. Qe7 Kg8 43. Qd8+ Kh7 44. Qc7 Kg8 45. Qd8+ Kh7 46. Qe7 Kg8 47. Qe8+ Kh7
48. Qf7 h4 49. Qe7 g5 50. Qe4+ Kh6 51. Be3 Qa1+ 52. Kf2 Qa2+ 53. Kf3 Qf7+ 54.
Ke2 Qa2+ 55. Kf1 Qa6+ 56. Kf2 Qa2+ 57. Kf3 Qf7+ 58. Ke2 Qa2+ 59. Bd2 Qa6+ 60.
Kd1 Bf6 61. b7 Qb5 62. Qxh4+ Kg7 63. Qb4 Qf1+ 64. Be1 Qd3+ 65. Kc1 Qe3+ 66. Bd2
Qg1+ 67. Kc2 Qxg2 68. b8=Q Qc6+ 69. Kb1 1-0

[Event "X JUBILEUSZOWY MIEDZYNARODOWY TURNIEJ SZACHOWY - GORA SW. ANNY - OPEN A"]
[Site "Gora Sw. Anny"]
[Date "1899-12-30"]
[Round "6.2"]
[White "Kosakowski, Jakub"]
[Black "Piotrowski, Przemyslaw"]
[Result "1/2-1/2"]
[WhiteTitle "k"]
[BlackTitle "k+"]
[WhiteElo "2277"]
[BlackElo "2324"]

1. e4 e5 2. Nf3 Nf6 3. Nxe5 d6 4. Nf3 Nxe4 5. d4 d5 6. Bd3 Bd6 7. c4 c6 8. O-O
O-O 9. Re1 Bf5 10. Qb3 Qd7 11. cxd5 cxd5 12. Nc3 Nxc3 13. Bxf5 Qxf5 14. bxc3 b6
15. Ne5 Nd7 16. Ba3 Bxa3 17. Qxa3 Nxe5 18. Rxe5 Qd7 19. Rae1 Qc6 20. R1e3 a5 21.
Qb3 Rfd8 22. h3 Rac8 23. Re7 h6 24. Rf3 Rf8 25. Rf5 a4 26. Qxd5 Qxd5 27. Rxd5
Rxc3 28. Re2 Rfc8 29. Rb5 Rc1+ 30. Kh2 R1c2 31. Rxc2 Rxc2 32. Kg3 Rxa2 33. Rxb6
Rd2 34. Rb8+ Kh7 35. Rb4 a3 36. Ra4 a2 37. Ra6 g6 38. d5 Kg7 39. d6 Kf6 40. d7+
Ke7 41. Ra7 g5 42. Kf3 h5 43. Ke3 Rb2 44. g3 f5 45. f4 h4 46. gxh4 gxh4 47. Kd4
Re2 48. Kd5 Re4 49. Rxa2 Kxd7 50. Ra7+ Ke8 51. Rh7 Rxf4 52. Ke4 1/2-1/2

[Event "X JUBILEUSZOWY MIEDZYNARODOWY TURNIEJ SZACHOWY - GORA SW. ANNY - OPEN A"]
[Site "Gora Sw. Anny"]
[Date "1899-12-30"]
[Round "6.3"]
[White "Hnydiuk, Aleksander"]
[Black "Lewicki, Miroslaw"]
[Result "1/2-1/2"]
[WhiteTitle "IM"]
[BlackTitle "CM"]
[WhiteElo "2403"]
[BlackElo "2318"]

1. Nf3 c5 2. c4 Nc6 3. d4 cxd4 4. Nxd4 g6 5. e4 Bg7 6. Be3 Nf6 7. Nc3 Ng4 8. Qxg4
Nxd4 9. Qd1 Nc6 10. Rc1 Qa5 11. Qd2 O-O 12. Be2 d6 13. O-O Be6 14. b3 f5 15. exf5
Bxf5 16. Rfe1 Kh8 17. Bd3 Ne5 18. Bxf5 Rxf5 19. h3 Raf8 20. f4 Nc6 21. Ne4 Bh6
22. g3 Qa3 23. h4 Rd8 24. Bd4+ Nxd4 25. Qxd4+ e5 26. Qc3 Bg7 27. fxe5 Rxe5 28.
Qd2 h6 29. Nf2 Rf5 30. Nd3 Rdf8 31. Re6 g5 32. hxg5 hxg5 33. Kg2 Qa6 34. Qe2 Kg8
35. Re7 Qc6+ 36. Qe4 d5 37. cxd5 Qxd5 38. Qxd5+ Rxd5 39. Nc5 Bb2 40. Rc2 Ba3 41.
Rc7 Rf7 42. Rxf7 Kxf7 43. Nxb7 Bb4 44. Rc7+ Ke6 45. Kf3 Kf5 46. Rf7+ Ke6 47. Rc7
Kf5 48. Rf7+ Ke5 49. Ke4+ 1/2-1/2

[Event "X JUBILEUSZOWY MIEDZYNARODOWY TURNIEJ SZACHOWY - GORA SW. ANNY - OPEN A"]
[Site "Gora Sw. Anny"]
[Date "1899-12-30"]
[Round "6.4"]
[White "Czopor, Maciej"]
[Black "Kocwin, Bartosz"]
[Result "1-0"]
[WhiteTitle "I++"]
[BlackTitle "FM"]
[WhiteElo "2134"]
[BlackElo "2217"]

1. e4 c5 2. Nf3 d6 3. d4 cxd4 4. Nxd4 Nf6 5. Nc3 a6 6. Be2 e5 7. Nb3 Be6 8. f4
Qc7 9. g4 exf4 10. g5 Nfd7 11. Bxf4 Nc6 12. Qd2 Be7 13. O-O-O Nce5 14. Nd4 g6
15. Kb1 Nb6 16. Rhf1 Nbc4 17. Qe1 Qb6 18. Na4 Qc7 19. Nxe6 fxe6 20. Qc3 b5 21.
Bxc4 bxc4 22. Bxe5 dxe5 23. Qf3 Rf8 24. Qh3 Rxf1 25. Rxf1 Qd6 26. Qxh7 O-O-O 27.
a3 Rf8 28. Rxf8+ Bxf8 29. Qa7 Be7 30. Nb6+ Kd8 31. Nxc4 Qd1+ 32. Ka2 Bxg5 33.
Nxe5 Bf6 34. Qb8+ Ke7 35. Qc7+ Ke8 1-0

[Event "X JUBILEUSZOWY MIEDZYNARODOWY TURNIEJ SZACHOWY - GORA SW. ANNY - OPEN A"]
[Site "Gora Sw. Anny"]
[Date "1899-12-30"]
[Round "6.5"]
[White "Sliwicka, Alicja"]
[Black "Kowalczyk, Pawel"]
[Result "1/2-1/2"]
[WhiteTitle "WFM"]
[BlackTitle "k+"]
[WhiteElo "2171"]
[BlackElo "2372"]

1. e4 a6 2. c4 c6 3. d4 e6 4. Nf3 d5 5. e5 dxc4 6. Bxc4 b5 7. Bb3 c5 8. O-O Bb7
9. Be3 Ne7 10. Qe2 Nf5 11. Rd1 Nxe3 12. fxe3 Be7 13. a4 c4 14. Bc2 O-O 15. Nc3
Qb6 16. Nd2 Nd7 17. Rf1 Rae8 18. Rf2 f5 19. a5 Qc7 20. Qh5 g6 21. Qh6 Rf7 22.
h4 Bf8 23. Qf4 Bg7 24. Nf3 Nb8 25. h5 gxh5 26. Qh4 Bh6 27. Re1 Rff8 28. Qxh5 Qg7
29. e4 f4 30. Kf1 Qg6 31. Qxg6+ hxg6 32. d5 Nd7 33. Nd4 Nc5 34. b4 cxb3 35. Nxb3
Nd7 36. Nd4 exd5 37. e6 Nf6 38. exd5 Nxd5 39. Nxd5 Bxd5 40. Bxg6 Re7 41. Bf7+
Kh8 42. Rc2 Bc4+ 43. Kf2 Rfxf7 44. exf7 Rxf7 45. Rh1 Kg7 46. Rh5 Kg6 47. Rc5 Bg7
48. Nf3 Ra7 49. Ne5+ Bxe5 50. Rxe5 Kf6 51. Rc5 Ke6 52. Kf3 Kd6 53. Rg5 Rc7 54.
Kxf4 b4 55. Rd2+ Kc6 56. Rd4 Kb7 57. Rg6 b3 58. Rb6+ Ka7 59. g4 Rc5 60. Rd7+ Ka8
61. g5 Bb5 62. Rd1 Rc4+ 63. Ke5 b2 64. Rb1 Rg4 65. Kf6 Rg2 66. g6 Rxg6+ 67. Kxg6
Bd3+ 68. Kf6 Bxb1 69. Rxa6+ Kb7 70. Rb6+ Ka7 71. Rxb2 Bd3 72. Rb6 Bf1 73. Ke5
Be2 74. Kd4 Bf1 75. Kc5 Be2 76. Rf6 Bd3 77. Kb4 Be2 78. Rf2 Bd3 79. Kc5 Ka6 80.
Rf6+ Ka7 81. a6 Be2 82. Rf2 Bd3 83. Ra2 Bf1 84. Ra3 Be2 85. Re3 Bf1 86. Re6 Bd3
87. Rh6 Be2 88. Rg6 Bf1 89. Rf6 Be2 90. Re6 Bf1 91. Kb4 Bxa6 92. Ka5 Bf1 93. Re7+
Kb8 94. Kb6 Kc8 95. Kc6 Bg2+ 96. Kd6 Bh1 97. Rc7+ Kb8 98. Kd7 Bg2 99. Rc2 Bf3
100. Rb2+ Ka7 101. Kc7 Ka6 1/2-1/2

[Event "X JUBILEUSZOWY MIEDZYNARODOWY TURNIEJ SZACHOWY - GORA SW. ANNY - OPEN A"]
[Site "Gora Sw. Anny"]
[Date "1899-12-30"]
[Round "6.6"]
[White "Antolak, Julia"]
[Black "Grela, Kacper"]
[Result "1/2-1/2"]
[WhiteTitle "WFM"]
[BlackTitle "FM"]
[WhiteElo "2074"]
[BlackElo "2320"]

1. e4 c5 2. Nf3 d6 3. d4 cxd4 4. Nxd4 Nf6 5. Nc3 a6 6. Bg5 e6 7. f4 h6 8. Bh4 Qb6
9. Qd2 Qxb2 10. Rb1 Qa3 11. Bxf6 gxf6 12. f5 Nc6 13. fxe6 fxe6 14. Be2 h5 15.
Nxc6 bxc6 16. e5 dxe5 17. Bf3 Bd7 18. Ne4 Qe7 19. Rb7 Rd8 20. O-O f5 21. Qe2 Bh6
22. c4 O-O 23. Nc3 Qc5+ 24. Kh1 Qe3 25. Qb2 e4 26. Bxh5 Bg7 27. Rb3 c5 28. Qa3
Bc6 29. Nd5 Qg5 30. Nf4 Rd3 31. Nxd3 exd3 32. Bf3 Bxf3 33. gxf3 d2 34. Rd3 Qf4
35. Qxc5 e5 36. Rf2 Bh6 37. Rd6 Kh8 38. Qb6 Bg5 39. c5 Rg8 40. Qxa6 e4 41. Rd7
e3 42. Qb7 Qh4 43. Rg2 Re8 44. Rxg5 d1=Q+ 45. Rxd1 Qxg5 46. Qb2+ Kh7 47. Qe2 Rg8
48. c6 Rg7 49. Rc1 Qf4 50. c7 Rxc7 51. Rxc7+ Qxc7 52. Qxe3 Qc2 53. a3 Kg7 54.
h4 Qc4 55. Qg5+ Kh8 56. h5 Qf1+ 57. Kh2 Qf2+ 58. Kh3 Qxf3+ 1/2-1/2

[Event "X JUBILEUSZOWY MIEDZYNARODOWY TURNIEJ SZACHOWY - GORA SW. ANNY - OPEN A"]
[Site "Gora Sw. Anny"]
[Date "1899-12-30"]
[Round "6.7"]
[White "Lukasiewicz, Krzysztof"]
[Black "Nowak, Kamil"]
[Result "0-1"]
[WhiteTitle "k"]
[BlackTitle "m"]
[WhiteElo "2152"]
[BlackElo "2306"]

1. e4 c5 2. Nf3 d6 3. d4 cxd4 4. Nxd4 Nf6 5. Nc3 a6 6. Bc4 e6 7. Bb3 b5 8. O-O
Be7 9. Qf3 Qb6 10. Be3 Qb7 11. Qg3 O-O 12. Bh6 Ne8 13. Nd5 Bd8 14. Be3 Nd7 15.
f3 Nc5 16. Nb4 a5 17. Nbc6 Bf6 18. e5 dxe5 19. Nxe5 a4 20. Ng4 Be7 21. Nf5 axb3
22. Nxe7+ Qxe7 23. axb3 Rxa1 24. Rxa1 f6 25. Ra8 Qd7 26. h4 Qc6 27. Ra7 Nb7 28.
c3 Qd6 29. Qe1 Nc7 30. c4 Rd8 31. Nf2 bxc4 32. bxc4 Na6 33. Ne4 Qc6 34. Qc3 f5
35. Nd2 Qd6 36. Nb3 Qg3 37. Nd2 Qe1+ 38. Kh2 Qxh4+ 39. Kg1 Nac5 40. Bf2 Qf6 41.
Qc2 e5 42. Nf1 Nd3 43. Ne3 Nxf2 44. Qxf2 Qb6 45. Nd5 Qxf2+ 46. Kxf2 Nd6 47. b3
Kf8 48. Nb6 Be6 49. Rc7 Rb8 50. c5 Nb5 51. Rc6 Ke7 52. b4 Rb7 53. Na4 Nd4 54.
Ra6 Rxb4 55. Ra7+ Kf6 56. Nb6 Rb2+ 57. Kg1 Rc2 58. Ra6 Kg5 59. Na4 Bb3 60. Nb6
Rxc5 0-1